Самоучитель французского языка

Bibliografiske detaljer
Hovedforfatter: Тюрина О. В. Ольга Васильевна
Summary:На обл. авт. не указан
Настоящий самоучитель предоставляет возможность самостоятельно овладеть основами французского языка: научиться читать и переводить тексты средней трудности, говорить по-французски в пределах предлагаемого лексического и грамматического материала. Может быть использован в качестве пособия для изучения французского языка как второго иностранного, на факультативных занятиях. Для широкого круга лиц, желающих изучить французский язык самостоятельно.
Sprog:russisk
fransk
Udgivet: Ростов-на-Дону, Феникс, 2011
Udgivelse:5-е изд.
Serier:Окно в Европу
Fag:
Format: Bog
KOHA link:https://koha.lib.tpu.ru/cgi-bin/koha/opac-detail.pl?biblionumber=186535

MARC

LEADER 00000nam0a2200000 4500
001 186535
005 20231101224003.0
010 |a 9785222177860 
035 |a (RuTPU)RU\TPU\book\202384 
090 |a 186535 
100 |a 20101029d2011 m y0rusy50 ca 
101 0 |a rus  |a fre 
102 |a RU 
105 |a a j 000zy 
200 1 |a Самоучитель французского языка  |f О. В. Тюрина 
205 |a 5-е изд. 
210 |a Ростов-на-Дону  |c Феникс  |d 2011 
215 |a 416 с.  |c ил. 
225 1 |a Окно в Европу 
300 |a На обл. авт. не указан 
330 |a Настоящий самоучитель предоставляет возможность самостоятельно овладеть основами французского языка: научиться читать и переводить тексты средней трудности, говорить по-французски в пределах предлагаемого лексического и грамматического материала. Может быть использован в качестве пособия для изучения французского языка как второго иностранного, на факультативных занятиях. Для широкого круга лиц, желающих изучить французский язык самостоятельно. 
606 1 |a Французский язык  |x Учебные руководства и пособия для средней школы.Самообразования  |2 stltpush  |3 (RuTPU)RU\TPU\subj\16835  |9 42735 
610 1 |a лексика 
610 1 |a грамматика 
610 1 |a переводы 
610 1 |a фонетика 
610 1 |a упражнения 
610 1 |a этикет 
686 |a Ш147.11-922  |v LBC/SL-A  |2 rubbk 
700 1 |a Тюрина  |b О. В.  |g Ольга Васильевна 
801 1 |a RU  |b 63413507  |c 20101029 
801 2 |a RU  |b 63413507  |c 20120712  |g RCR 
942 |c BK 
959 |a 74/20101028  |d 1  |e 238,00  |f ЧЗИЛ:1